Extracts from the Notes on the Antiquities of Dacca / (Record no. 23530)

MARC details
000 -LEADER
fixed length control field 00507nam a22001697a 4500
003 - CONTROL NUMBER IDENTIFIER
control field BDDh-ASL
005 - DATE AND TIME OF LATEST TRANSACTION
control field 20231015030244.0
008 - FIXED-LENGTH DATA ELEMENTS--GENERAL INFORMATION
fixed length control field 210327s1903 ii ||||| |||| 00| 0 eng d
040 ## - CATALOGING SOURCE
Original cataloging agency BDDh-ASL
Transcribing agency BDDh-ASL
082 ## - DEWEY DECIMAL CLASSIFICATION NUMBER
Classification number 930.15492
Item number HAN
100 1# - MAIN ENTRY--PERSONAL NAME
9 (RLIN) 3555
Personal name Hasan, Sayid Aulad
245 10 - TITLE STATEMENT
Title Extracts from the Notes on the Antiquities of Dacca /
260 ## - PUBLICATION, DISTRIBUTION, ETC.
Place of publication, distribution, etc. Dacca:
Name of publisher, distributor, etc. Printed at the Bangla-Jantra, Dacca-Prakash,
Date of publication, distribution, etc. 1903.
300 ## - PHYSICAL DESCRIPTION
Extent 24 p. :
Dimensions 21 cm.
650 #0 - SUBJECT ADDED ENTRY--TOPICAL TERM
9 (RLIN) 3556
Topical term or geographic name entry element Antiquities
942 ## - ADDED ENTRY ELEMENTS (KOHA)
Source of classification or shelving scheme Dewey Decimal Classification
Koha item type Books
Holdings
Withdrawn status Lost status Source of classification or shelving scheme Damaged status Not for loan Collection code Home library Current library Shelving location Date acquired Source of acquisition Total Checkouts Full call number Barcode Date last seen Copy number Price effective from Koha item type Public note
    Dewey Decimal Classification Damaged Not For Loan Non-fiction Asiatic Society Library Asiatic Society Library General Stacks 03/27/2021 ASB Library Collections   930.15492 HAN 107996 03/27/2021 C-1 03/27/2021 Books RARE
    Dewey Decimal Classification     Non-fiction Asiatic Society Library Asiatic Society Library Dhaka Collection 05/30/2022 ASB Library Collection   930.15492 HAN 116845 05/30/2022 C-2 05/30/2022 Books RARE
    Dewey Decimal Classification     Non-fiction Asiatic Society Library Asiatic Society Library Dhaka Collection 05/30/2022 ASB Library Collection   930.15492 HAN 116846 05/30/2022 C-3 05/30/2022 Books RARE

Powered by Koha